Pequeños productores de tabaco, caña de azúcar, yerba mate y té (Registro nro. 35006)

Detalles MARC
000 -LEADER
fixed length control field 00336 a2200109 4500
001 - CONTROL NUMBER
control field ART_49199
005 - DATE AND TIME OF LATEST TRANSACTION
control field 20260410162042.0
008 - FIXED-LENGTH DATA ELEMENTS--GENERAL INFORMATION
fixed length control field 260409a
100 1# - MAIN ENTRY--PERSONAL NAME
Personal name Santacruz, Lidia M.
245 10 - TITLE STATEMENT
Title Pequeños productores de tabaco, caña de azúcar, yerba mate y té
773 0# - HOST ITEM ENTRY
Title Impuestos
Related parts - N°52 (mayo 2019)
Record control number REV45175

No hay ítems disponibles.